Confucio
Shranjeno v:
| Glavni avtor: | |
|---|---|
| Format: | Knjiga |
| Jezik: | španščina |
| Izdano: |
Madrid
Alianza
1966
|
| Serija: | El libro de bolsillo. Sección Humanidades, 13
|
| Teme: | |
| Oznake: |
Označite
Brez oznak, prvi označite!
|
MARC
| LEADER | 00000nam a2200000 a 4500 | ||
|---|---|---|---|
| 001 | UCV9245 | ||
| 003 | CL-VaPUC | ||
| 008 | 920722e19660000SP |||||||||||||||||spa|d | ||
| 082 | 0 | 4 | |a 181.09512 |b WIL |2 21 |
| 100 | 0 | |a Wilhelm, Richard |e author |9 303249 | |
| 245 | 1 | 0 | |a Confucio |
| 300 | |a 270 p | ||
| 942 | |c BK | ||
| 945 | |d 19920722 00:00:00 | ||
| 260 | |a Madrid |b Alianza |c 1966 | ||
| 600 | 0 | 7 | |a CONFUCIO |2 CL-VaPUC |9 265849 |
| 650 | 7 | |a CONFUCIONISMO |2 CL-VaPUC |9 265850 | |
| 583 | |a last modification |c 19920722 00:00:00 |k Rodrigo Vera | ||
| 490 | 0 | |a El libro de bolsillo. Sección Humanidades, 13 | |
| 999 | |c 214614 |d 214612 | ||
| 952 | |0 0 |1 0 |2 ddc |4 0 |6 181_095120000000000_WIL_1966 |7 0 |8 A |9 198182 |a BIBARQ |b BIBARQ |c PAC |d 2019-11-14 |i 2657252 |o 181.09512 WIL 1966 |p 2657252 |r 2025-01-20 |w 2019-11-14 |y BK |k ARQ | ||